|
|
|
|
| LEADER |
00581nam a22001577a 4500 |
| 008 |
160322b xxu||||| |||| 00| 0 mal d |
| 082 |
|
|
|a 491.25, VIK/S
|
| 100 |
|
|
|a Vikraman, S
|
| 245 |
|
|
|a Shabda dathu manjusha /
|c By Vikraman, S
|
| 260 |
|
|
|a Kozhikode :
|b Sanathana Music & Publishing House ,
|c 2009.
|
| 300 |
|
|
|a 88p.
|
| 490 |
|
|
|a Saral Sanskrit Series.
|v 4.
|
| 650 |
|
|
|a Vyakarana.
|
| 942 |
|
|
|c REF
|
| 999 |
|
|
|c 249942
|d 249942
|
| 952 |
|
|
|0 0
|1 0
|4 0
|6 491_000000000000000_25_VIK_S
|7 0
|9 278029
|a SAN
|b SAN
|c REF
|d 2016-03-22
|g 50.00
|i G476
|l 1
|o 491.25, VIK/S
|p SANG476
|r 2018-02-16
|s 2018-02-07
|w 2016-03-22
|y REF
|